000 00397nam a2200133Ia 4500
008 220216s9999 xx 000 0 und d
100 _aMuraoka K
245 0 _aViscoelastic properties of rubber compounds for tyre applications
260 _bInternational Polymer Science and Technology
_c2002
300 _a7-Jan
650 _aRubber Compounds
650 _aViscoelastic properties
942 _cJS
999 _c72199
_d72199